000 00444nab a22001097u 4500
008 130520b2003 xxu||||| |||| 00| 0 spa d
041 _aspa
100 1 _aMolina Puche, Sebastián
_974120
245 0 0 _aFamilia ynpoder en la Castilla moderna. Aproximación a través del estudio de la élite local de Almansa en el siglo XVII
_cSebastián Molina Puche
773 0 _tChronica Nova
_gV.30, nº30,2003,págs. 489-510
_x0210-9611
_wRev112
942 _cAR
999 _c377443
_d377443